The theory of group characters and matrix representations of groups /
Guardado en:
| Autor Principal: | |
|---|---|
| Formato: | Libro |
| Idioma: | English |
| Publicado: |
Oxford :
Clarendon Press,
1950.
|
| Edición: | 2nd ed. |
| Etiquetas: |
Agregar Etiqueta
Sin Etiquetas, Sea el primero en etiquetar este registro!
|
| LEADER | 00510nam a22001575a 4500 | ||
|---|---|---|---|
| 001 | MAT.inmabb000363 | ||
| 008 | 031211s1950####enk###########000#0#eng#d | ||
| 005 | 20110301145623.0 | ||
| 245 | 1 | 4 | |a The theory of group characters and matrix representations of groups / |c by Dudley E. Littlewood. |
| 250 | |a 2nd ed. | ||
| 260 | |a Oxford : |b Clarendon Press, |c 1950. | ||
| 300 | |a viii, 310 p. ; |c cm. | ||
| 510 | 4 | |a MR, |c 2,3a | |
| 100 | 1 | |a Littlewood, Dudley E. | |
| 084 | |a 20C15 (20G05) |2 msc2000 | ||
| 859 | |h 20 |i L781 |p A-93 |b BIB. MATEMATICA | ||
